| 000 | 00675nam a2200229 a 4500 | ||
|---|---|---|---|
| 008 | |||
| 020 | _a9780441103209 (pbk.) | ||
| 049 | _aMAIN | ||
| 090 |
_aRC46 _bO'NE |
||
| 100 | 1 | _aO'Neill, Paul. | |
| 245 | 1 | 0 |
_aMedicine : _ba clinical core text with self-assessment / _cPaul O'Neil, Tim Dornan and David Denning. |
| 250 | _a3rd ed. | ||
| 260 |
_aEdinburgh : _bChurchill Livingstone, _c2008. |
||
| 300 |
_avi, 465 p. : _bill. ; _c27 cm. |
||
| 500 | _aIncludes index. | ||
| 650 | _aMedicine. | ||
| 907 |
_a.b10269344 _b17-05-18 _c12-10-09 |
||
| 003 | |||
| 005 | 20230123141111.0 | ||
| 040 | _cNUST | ||
| 942 |
_cBOOKS _kRC46 _mO'NE |
||
| 999 |
_c167692 _d167692 |
||